| 000 | 00511nas a2200193 a 4500 | ||
|---|---|---|---|
| 999 |
_c11533 _d11533 |
||
| 005 | 20200126134018.0 | ||
| 008 | 191205b xxu||||| |||| 00| 0 eng d | ||
| 022 | _a0034-0383 | ||
| 040 | _cBD-JhCC | ||
| 082 |
_223 _a051 _bREA 2019 |
||
| 245 |
_aAsia Reader's Digest / _cLouise Waterson ed. |
||
| 260 |
_aSingapore : _bReader's Digest, |
||
| 300 | _aVol. 117, No. 682; | ||
| 310 | _aMonthly | ||
| 362 | _aJanuary 2020 | ||
| 650 | _aTime-Magazine | ||
| 700 | _aWaterson, Louise | ||
| 942 |
_2ddc _cCR _s1 _04 |
||